| 000 | 01718nam0a2200421 4500 | ||
|---|---|---|---|
| 001 | RU\NLR\bibl\1064834 | ||
| 005 | 20260405125207.0 | ||
| 010 |
_a5-98355-019-5 _91000 |
||
| 021 |
_aRU _b2007-8633 _9457 |
||
| 035 | _a(NLR Aleph) 001052089 | ||
| 090 |
_a885075 _c885075 |
||
| 100 | _a20070326d2006 |||y0rusy50 ca | ||
| 101 | 0 |
_arus _ager |
|
| 102 | _aRU | ||
| 105 | _aa ||||||||| | ||
| 200 | 1 |
_aПраздничные встречи _dFeierliche greffen _eхристианские праздники в немецких традициях, литературе и искусстве _fИнга Томан _zger |
|
| 210 |
_aМосква _cМСНК-пресс _d2006 |
||
| 215 |
_a223, [1] с. _cил. _d21 |
||
| 225 | 1 | _aBIZ-Bibliothek | |
| 300 | _aАвт. также на нем. яз.: Inge Thoman | ||
| 300 | _aЧасть текста на нем. яз. | ||
| 510 | 0 |
_6z20790 _aFeierliche greffen _zger |
|
| 606 | 1 |
_aПраздники христианские _91307299 _3RU\NLR\auth\66225064 |
|
| 606 | 1 |
_aНемецкая литература _xТематика _91137107 _3RU\NLR\auth\66133509 |
|
| 606 | 1 |
_aИзобразительное искусство немецкое _xТематика _92271204 _3RU\NLR\auth\661361269 |
|
| 686 | _aЭ37-53 | ||
| 686 | _aШ5(4Г)-306 | ||
| 686 | _aШ5(4Г)-34 | ||
| 686 | _aЩ103(4Г)-3 | ||
| 700 | 1 |
_4070 _8rus _7ca _aТоман _bИ. Б. _gИнга Бруновна _3RU\NLR\auth\7750534 _933468 |
|
| 790 | 1 |
_4070 _8rus _7ba _aToman _bI. B. _gInga Brunovna _3RU\NLR\auth\7750535 _933469 |
|
| 801 | 0 |
_aRU _bNLR _c20070326 _gRCR |
|
| 801 | 1 |
_aRU _bNLR _c20070326 |
|
| 942 | _cBOOK | ||
| 980 | _aNB | ||